Chrono-Logique : Grandes dates de l'Histoire de France - Statistiques

Statistiques générales
  • Ce quiz a été pris 440 fois
  • Le résultat moyen est 12 sur 13
Réponses sur la Carte
Les réponses sont colorées sur une échelle allant du rouge au vert en fonction du pourcentage des utilisateurs qui les ont devinées à leur premier essai. Vous pouvez retrouver ces pourcentages ci-dessous.
 
Statistiques - réponses
Réponse % Correct
Attentats de Charlie Hebdo
97%
Abolition de la peine de mort promulguée par François Mitterrand
94%
Débarquement de Normandie
94%
Début de la Première Guerre Mondiale
93%
Début de la Seconde Guerre Mondiale
92%
Prise de la Bastille par les révolutionnaires français
92%
Défaite de Napoléon Bonaparte à Waterloo
89%
Séparation de l’Église et de l’État
88%
Couronnement de l’Empereur Charlemagne
87%
Défaite de Vercingétorix face à Jules César à Alésia
86%
Début du règne de Louis XIV, le Roi Soleil
84%
Victoire de François Ier à Marignan
81%
Début de la guerre de Cent Ans
79%
Aucun quiz correspondant
Distribution des résultats
% des personnes avec chaque résultat
Percentile par nombre de réponses
Votre historique - résultats
Vous n’avez pas pris ce quiz